Statistics for World Rugby Rankings

Click here to take the quiz!

General Stats

  • This quiz has been taken 22 times
  • The average score is 26 of 49

Answer Stats

NContinentCountry% Correct
8AustralasiaAustralia
95%
3EuropeEngland
95%
7EuropeScotland
95%
5EuropeIreland
90%
2AfricaSouth Africa
90%
6EuropeWales
90%
11South AmericaArgentina
86%
12EuropeItaly
86%
4AsiaJapan
86%
16AustralasiaSamoa
86%
15North AmericaUSA
86%
9AustralasiaFiji
81%
10EuropeFrance
81%
24North AmericaCanada
76%
14AustralasiaTonga
76%
17EuropeSpain
71%
21South AmericaBrazil
67%
13EuropeGeorgia
67%
22EuropePortugal
67%
23EuropeRomania
67%
19EuropeRussia
67%
18South AmericaUruguay
67%
28South AmericaChile
62%
30EuropeGermany
62%
27EuropeBelgium
57%
26EuropeNetherlands
57%
20AfricaNamibia
48%
47EuropeSweden
48%
1AustralasiaNew Zealand
43%
34EuropePoland
43%
29EuropeSwitzerland
43%
42EuropeCzech Republic
33%
48EuropeDenmark
33%
31AsiaSouth Korea
33%
36EuropeUkraine
33%
32AfricaKenya
29%
43South AmericaParaguay
29%
39AfricaAlgeria
24%
25AsiaHong Kong
24%
44AfricaMadagascar
24%
37AfricaMorocco
24%
33AfricaZimbabwe
24%
45EuropeLuxembourg
19%
49AfricaTunisia
19%
40AfricaIvory Coast
14%
50AfricaSenegal
14%
46EuropeLatvia
10%
35AfricaUganda
10%
41AfricaZambia
10%

Score Distribution

Percentile by Number Answered

Percent of People with Each Score

Your Score History

You have not taken this quiz